1993 1692 1516 1269 1110 1196 1389 1105 1425 1482 1954 1885 1854 1157 1619 1751 1960 1768 1564 1187 1935 1624 1836 1106 1593 1758 1854 1967 1567 1271 1195 1797 1463 1629 1600 1702 1198 1860 1054 1295 1554 1194 1695 1114 1283 1448 1406 1632 1810 1897 1076 1945 1925 1309 1771 1627 1657 1732 1981 1614 1232 1742 1307 1508 1635 1526 1003 1986 1276 1908 1898 1371 1354 1907 1950 1599 1583 1820 1715 1006 1734 1060 1004 1665 1340 1326 1106 1792 1800 1796 1219 1932 1737 1692 1079 1802 1231 1550 1908 BCNSPRNW ULIB Ver.6.0+V

เปลี่ยนเป็นภาษาไทย

Change to English
 แสดงรายละเอียดบรรณานุกรม
  กลับหน้าหลัก

Brief Record : Get Marc (ISO 2709) : E-mail record : QR code < ปิดหน้าต่าง
LEADER : 00000nam 2200000uu 4500
001    13399126989
003     ULIB
008    190923s2559||||th 000 0 tha d
020    ^a9786164235762
060 04 ^aWA308^bช813อ
100 0  ^aโชคชัย หมั่นแสวงทรัพย์,บรรณาธิการ
245 00 ^aอนามัยครอบครัว =^bFamily Health /^cบรรณาธิการ,โชคชัย หมั่นแสวงทรัพย์ ... [และคนอื่นๆ]
246 31 ^aFamily Health
250    ^aพิมพ์ครั้งที่ 1
260    ^aกรุงเทพฯ :^bประยูรสาส์นไทย การพิมพ์,^c2559.
300    ^aก-ง, 422 หน้า :^bภาพประกอบ ;^c26 ซม.
650  7 ^aอนามัยครอบครัว
650  7 ^aปฐมพยาบาล
650  7 ^aพฤติกรรมอนามัย
650  7 ^aสุขภาพ
700 0  ^aพิมพ์สุรางค์ เตชะบุญเสริมศักดิ์,^eบรรณาธิการ
700 0  ^aศุภชัย ปิติกุลตัง,บรรณาธิการ
700 0  ^aสุธรรม นันทมงคลชัย,บรรณาธิการ
945    ^p250^l0^i006127
945    ^p250^l0^i006124
945    ^p250^l0^i006128
945    ^p250^l0^i006126
945    ^p250^l0^i006125
999    ^aประนอม เกษจรัล
รายการนี้ยังไม่มีแท็ก
คุณยังไม่ได้ล็อกอิน คุณสามารถมีกิจกรรมร่วมกับเว็บไซต์ได้ แต่ต้องล็อกอินก่อน ::
  ล็อกอิน

รายการสื่อสารสนเทศ

ลำดับที่ ประเภท เลขเรียก/บาร์โค้ด สถานที่ สถานะ
1. วิทยาศาสตร์การแพทย์ และสุขภาพ
วิทยาศาสตร์การแพทย์ และสุขภาพ
สถานะ=หนังสือเก่า
WA308 ช813อ ฉ.1 
  Barcode: 006124
ห้องสมุดวิทยาเขตสวรรค์ประชารักษ์
►ส่วนจัดเก็บหนังสือเก่า สปร
บนชั้น
  ขอยืม
2. วิทยาศาสตร์การแพทย์ และสุขภาพ
วิทยาศาสตร์การแพทย์ และสุขภาพ
สถานะ=หนังสือเก่า
WA308 ช813อ ฉ.2 
  Barcode: 006125
ห้องสมุดวิทยาเขตสวรรค์ประชารักษ์
►ส่วนจัดเก็บหนังสือเก่า สปร
บนชั้น
  ขอยืม
3. วิทยาศาสตร์การแพทย์ และสุขภาพ
วิทยาศาสตร์การแพทย์ และสุขภาพ
สถานะ=หนังสือเก่า
WA308 ช813อ ฉ.3 
  Barcode: 006126
ห้องสมุดวิทยาเขตสวรรค์ประชารักษ์
►ส่วนจัดเก็บหนังสือเก่า สปร
บนชั้น
  ขอยืม
4. วิทยาศาสตร์การแพทย์ และสุขภาพ
วิทยาศาสตร์การแพทย์ และสุขภาพ
สถานะ=หนังสือเก่า
WA308 ช813อ ฉ.4 
  Barcode: 006127
ห้องสมุดวิทยาเขตสวรรค์ประชารักษ์
►ส่วนจัดเก็บหนังสือเก่า สปร
บนชั้น
  ขอยืม
5. วิทยาศาสตร์การแพทย์ และสุขภาพ
วิทยาศาสตร์การแพทย์ และสุขภาพ
สถานะ=หนังสือเก่า
WA308 ช813อ ฉ.5 
  Barcode: 006128
ห้องสมุดวิทยาเขตสวรรค์ประชารักษ์
►ส่วนจัดเก็บหนังสือเก่า สปร
บนชั้น
  ขอยืม

รายการใกล้เคียง
    ผู้แต่ง [โชคชัย หมั่นแสวงทรัพย์,บรรณาธิการ]

    หัวเรื่อง [อนามัยครอบครัว]
    หัวเรื่อง [ปฐมพยาบาล]
    หัวเรื่อง [พฤติกรรมอนามัย]
    หัวเรื่อง [สุขภาพ]

BibComment


ยังไม่เคยถูกคอมเมนท์

คอมเมนท์ทรัพยากรรายการนี้
  คอมเมนท์: อนามัยครอบครัว ..


 Copyright 2026. Bcnsprnw @Library